Statistics for Will Smith quiz

Click here to take the quiz!

General Stats

  • This quiz has been taken 30 times
  • The average score is 9 of 12

Answer Stats

Hint Answer % Correct
Will Smith became famous because of this showFresh Prince of Bel Air
100%
Will Smith's hair colorBlack
100%
Will Smith's second sonJaden Smith
96%
Will Smith's wifeJada Pinkett Smith
92%
Will Smith's daughterWillow Smith
84%
Sci-fi movie Will Smith was in and has a song about it as wellMen in Black
76%
What city is Will Smith from?Philadelphia
72%
City Will Smith wrote a song aboutMiami
64%
DC film Will Smith was inSuicide Squad
60%
Will Smith's first sonTrey Smith
48%
Netflix original Will Smith movie with elves and orcsBright
44%
Movie Will Smith regrets being inWild Wild West
32%

Score Distribution

Percentile by Number Answered

Percent of People with Each Score

Your Score History

You have not taken this quiz